000 00440 a2200157 4500
003 OSt
005 20180116182729.0
008 160427b xxu||||| |||| 00| 0 eng d
020 _a8131700038
040 _c0
100 _aRichard John
245 _aIntegrative leadership building a foundation for personal interpersonal and organizaiton al success
260 _aNew Delhi
_c2005
300 _a366
942 _aNBS
_cBK
_k658.4094 HAT
_2ddc
999 _c344986
_d344986